书目信息 |
| 题名: |
建筑智能化概论
|
|
| 作者: | 方潜生 主编 | |
| 分册: | ||
| 出版信息: | 北京 中国电力出版社 2007.02 |
|
| 页数: | 170页 | |
| 开本: | 26cm | |
| 丛书名: | ||
| 单 册: | ||
| 中图分类: | TU855 | |
| 科图分类: | ||
| 主题词: | 智能建筑--zhi neng jian zhu--自动化系统--高等学校--教材 | |
| 电子资源: | ||
| ISBN: | 978-7-5083-5036-3 | |
| 000 | 00922nam0 2200253 450 | |
| 001 | 012007114499 | |
| 005 | 20070929113458.53 | |
| 010 | @a978-7-5083-5036-3@dCNY16.30 | |
| 100 | @a20070726d2007 km y0chiy0120 ea | |
| 101 | 0 | @achi |
| 102 | @aCN@b110000 | |
| 105 | @aa a 000yy | |
| 200 | 1 | @a建筑智能化概论@Ajian zhu zhi neng hua gai lun@f方潜生主编@Ffang qian sheng zhu bian |
| 210 | @a北京@c中国电力出版社@d2007.02 | |
| 215 | @a170页@c图@d26cm | |
| 300 | @a教育部职业教育与成人教育司推荐教材 | |
| 320 | @a有书目 (第169-170页)。 | |
| 330 | @a全书共分为9章,主要内容包括智能建筑定义、建筑基础知识、楼宇自动化技术、楼宇设备自动化系统、通信网络系统、办公自动化系统等。 | |
| 333 | @a技能紧缺人才培养培训建筑设备类专业教学用书 | |
| 606 | 0 | @a智能建筑@Azhi neng jian zhu@x自动化系统@x高等学校@j教材 |
| 690 | @aTU855@v4 | |
| 701 | 0 | @a方潜生@Afang qian sheng@4主编 |
| 801 | 0 | @aCN@c20070929 |
| 905 | @dTU855@eF226 | |
| 建筑智能化概论/方潜生主编.-北京:中国电力出版社,2007.02 |
| 170页:图;26cm |
| 教育部职业教育与成人教育司推荐教材.-使用对象:技能紧缺人才培养培训建筑设备类专业教学用书 |
| ISBN 978-7-5083-5036-3:CNY16.30 |
| 全书共分为9章,主要内容包括智能建筑定义、建筑基础知识、楼宇自动化技术、楼宇设备自动化系统、通信网络系统、办公自动化系统等。 |
| ● |
| 相关链接 |
|
|
|
正题名:建筑智能化概论
索取号:TU855/F226
 
预约/预借
| 序号 | 登录号 | 条形码 | 馆藏地/架位号 | 状态 | 备注 |
| 1 | 249424 | 202494247 | 建筑库201/201建筑库 54排7列3层/ [索取号:TU855/F226] | 在馆 | |
| 2 | 249425 | 202494256 | 建筑库201/201建筑库 54排7列3层/ [索取号:TU855/F226] | 在馆 | |
| 3 | 249426 | 202494265 | 建筑库201/201建筑库 54排7列3层/ [索取号:TU855/F226] | 在馆 |